000 00576nam a2200181Ia 4500
008 151018s9999 xx 000 0 und d
082 _bRBASDV28651
_a891.463
100 _aरजनी शिरोडकर
245 _aउद्रेक
250 _b1
260 _bबांदोडकर पब्लिशिंग कंपनी मुंबई
_c1987
300 _a224
600 _aरजनी शिरोडकर
630 _aउद्रेक
700 _aरजनी शिरोडकर
730 _aउद्रेक
942 _cBOOK
999 _c1028222
_d1028219